[Event "DVM U12 2022"]
[Site "München GER"]
[Date "2022.12.29"]
[Round "6"]
[White "Bohatyrova, Mariia"]
[Black "Mende, Magnus"]
[Result "1-0"]
[Termination "normal"]
[Board "7.4"]
[WhiteElo "1439"]
[BlackElo "915"]
[WhiteClock "00:28:36"]
[BlackClock "00:52:15"]
[WhiteTeam "SV Erkenschwick 1923"]
[BlackTeam "TTC Grün-Weiß Fritzdorf 1958"]
[PlyCount "95"]
[WhiteFideId "34165789"]
[BlackFideId "34617124"]
[EventCountry "GER"]
[EventRounds "7"]
[EventType "team-swiss"]
[EventDate "2022.12.26"]

1. Nf3 {[%clk 01:30:59]} {[%emt 00:00:01]} d5 {[%clk 01:30:01]} {[%emt
00:00:59]} 2. d4 {[%clk 01:31:22]} {[%emt 00:00:07]} Nf6 {[%clk 01:29:46]}
{[%emt 00:00:44]} 3. c4 {[%clk 01:31:32]} {[%emt 00:00:19]} e6 {[%clk
01:29:35]} {[%emt 00:00:42]} 4. Nc3 {[%clk 01:31:40]} {[%emt 00:00:23]} Be7
{[%clk 01:29:22]} {[%emt 00:00:43]} 5. Bf4 {[%clk 01:29:44]} {[%emt 00:02:26]}
O-O {[%clk 01:29:04]} {[%emt 00:00:47]} 6. e3 {[%clk 01:29:57]} {[%emt
00:00:17]} Nbd7 {[%clk 01:28:24]} {[%emt 00:01:10]} 7. Bd3 {[%clk 01:29:30]}
{[%emt 00:00:57]} b6 {[%clk 01:27:44]} {[%emt 00:01:10]} 8. cxd5 {[%clk
01:29:50]} {[%emt 00:00:09]} exd5 {[%clk 01:27:57]} {[%emt 00:00:18]} 9. O-O
{[%clk 01:30:12]} {[%emt 00:00:08]} Bb7 {[%clk 01:28:02]} {[%emt 00:00:25]} 10.
h3 {[%clk 01:30:17]} {[%emt 00:00:25]} Rc8 {[%clk 01:27:59]} {[%emt 00:00:32]}
11. Rc1 {[%clk 01:29:08]} {[%emt 00:01:40]} c5 {[%clk 01:28:09]} {[%emt
00:00:19]} 12. Qe2 {[%clk 01:29:06]} {[%emt 00:00:32]} c4 {[%clk 01:28:08]}
{[%emt 00:00:31]} 13. Bb1 {[%clk 01:29:17]} {[%emt 00:00:18]} Re8 {[%clk
01:23:22]} {[%emt 00:05:17]} 14. Rfe1 {[%clk 01:19:22]} {[%emt 00:10:26]} Bb4
{[%clk 01:20:40]} {[%emt 00:03:10]} 15. a3 {[%clk 01:19:40]} {[%emt 00:00:12]}
Bf8 {[%clk 01:20:53]} {[%emt 00:00:18]} 16. Nb5 {[%clk 00:57:53]} {[%emt
00:22:18]} a6 {[%clk 01:17:03]} {[%emt 00:04:19]} 17. Nc3 {[%clk 00:57:48]}
{[%emt 00:00:33]} b5 {[%clk 01:16:52]} {[%emt 00:00:42]} 18. Bc2 {[%clk
00:54:05]} {[%emt 00:04:14]} Be7 {[%clk 01:11:33]} {[%emt 00:05:49]} 19. Bf5
{[%clk 00:51:29]} {[%emt 00:03:06]} Bf8 {[%clk 01:09:32]} {[%emt 00:02:22]} 20.
Ne5 {[%clk 00:51:18]} {[%emt 00:00:51]} Bc6 {[%clk 01:05:52]} {[%emt 00:04:10]}
21. Bg5 {[%clk 00:45:01]} {[%emt 00:06:48]} Rc7 {[%clk 01:02:58]} {[%emt
00:03:22]} 22. Bxd7 {[%clk 00:43:25]} {[%emt 00:02:08]} Bxd7 {[%clk 01:03:09]}
{[%emt 00:00:19]} 23. Bxf6 {[%clk 00:43:38]} {[%emt 00:00:16]} Qxf6 {[%clk
01:03:05]} {[%emt 00:00:34]} 24. Nxd5 {[%clk 00:43:43]} {[%emt 00:00:26]} Qd6
{[%clk 01:02:08]} {[%emt 00:01:25]} 25. Nxc7 {[%clk 00:44:03]} {[%emt
00:00:13]} Qxc7 {[%clk 01:02:30]} {[%emt 00:00:07]} 26. Nxd7 {[%clk 00:44:09]}
{[%emt 00:00:23]} Qxd7 {[%clk 01:02:40]} {[%emt 00:00:20]} 27. Red1 {[%clk
00:40:57]} {[%emt 00:03:43]} Re6 {[%clk 01:00:47]} {[%emt 00:01:56]} 28. Qg4
{[%clk 00:40:32]} {[%emt 00:01:19]} Qb7 {[%clk 01:00:15]} {[%emt 00:01:04]} 29.
Qf3 {[%clk 00:39:25]} {[%emt 00:01:36]} Qc7 {[%clk 00:59:55]} {[%emt 00:00:50]}
30. e4 {[%clk 00:35:59]} {[%emt 00:03:58]} Rg6 {[%clk 00:59:05]} {[%emt
00:01:20]} 31. e5 {[%clk 00:35:12]} {[%emt 00:01:17]} Qd7 {[%clk 00:57:43]}
{[%emt 00:01:50]} 32. d5 {[%clk 00:34:18]} {[%emt 00:01:26]} Qb7 {[%clk
00:57:39]} {[%emt 00:00:34]} 33. Kf1 {[%clk 00:33:10]} {[%emt 00:01:38]} Qc7
{[%clk 00:57:00]} {[%emt 00:00:54]} 34. d6 {[%clk 00:33:17]} {[%emt 00:00:38]}
Qd7 {[%clk 00:56:49]} {[%emt 00:00:42]} 35. Rd4 {[%clk 00:29:59]} {[%emt
00:03:46]} Re6 {[%clk 00:56:28]} {[%emt 00:00:51]} 36. Re1 {[%clk 00:30:08]}
{[%emt 00:00:22]} g6 {[%clk 00:56:23]} {[%emt 00:00:31]} 37. Qd5 {[%clk
00:28:45]} {[%emt 00:01:55]} Bg7 {[%clk 00:53:49]} {[%emt 00:03:06]} 38. Qa8
{[%clk 00:28:58]} {[%emt 00:00:16]} Re8 {[%clk 00:53:19]} {[%emt 00:00:58]} 39.
Qd5 {[%clk 00:27:15]} {[%emt 00:02:15]} Re6 {[%clk 00:53:09]} {[%emt 00:00:40]}
40. f4 {[%clk 00:26:20]} {[%emt 00:01:26]} f5 {[%clk 00:53:06]} {[%emt
00:00:33]} 41. exf6 {[%clk 00:26:17]} {[%emt 00:00:33]} Bxf6 {[%clk 00:53:14]}
{[%emt 00:01:56]} 42. Qxe6 {[%clk 00:26:32]} {[%emt 00:00:15]} Qxe6 {[%clk
00:52:54]} {[%emt 00:00:49]} 43. Rxe6 {[%clk 00:26:59]} {[%emt 00:00:04]} Kf7
{[%clk 00:52:34]} {[%emt 00:00:49]} 44. Rxf6 {[%clk 00:27:15]} {[%emt
00:00:15]} Kxf6 {[%clk 00:51:43]} {[%emt 00:01:21]} 45. d7 {[%clk 00:27:43]}
{[%emt 00:00:02]} c3 {[%clk 00:51:56]} {[%emt 00:00:17]} 46. d8=Q {[%clk
00:27:57]} {[%emt 00:00:16]} Kg7 {[%clk 00:52:02]} {[%emt 00:00:24]} 47. Rd7
{[%clk 00:28:10]} {[%emt 00:00:18]} Kh6 {[%clk 00:52:15]} {[%emt 00:00:15]} 48.
Qg5# {[%clk 00:28:36]} {[%emt 00:00:04]} 1-0

[Event "DVM U12 2022"]
[Site "München GER"]
[Date "2022.12.29"]
[Round "6"]
[White "Wolff, Calvin"]
[Black "Vesszö, Aaron"]
[Result "1-0"]
[Termination "normal"]
[Board "8.2"]
[WhiteElo "1429"]
[BlackElo "1369"]
[WhiteClock "00:38:31"]
[BlackClock "00:02:41"]
[WhiteTeam "Heilbronner SV"]
[BlackTeam "SchachAkademiePaderborn"]
[PlyCount "71"]
[WhiteFideId "16269969"]
[BlackFideId "34619631"]
[EventCountry "GER"]
[EventRounds "7"]
[EventType "team-swiss"]
[EventDate "2022.12.26"]

1. e4 {[%clk 01:30:58]} {[%emt 00:00:02]} e6 {[%clk 01:30:43]} {[%emt
00:00:17]} 2. d4 {[%clk 01:30:58]} {[%emt 00:00:31]} d5 {[%clk 01:31:06]}
{[%emt 00:00:07]} 3. exd5 {[%clk 01:30:25]} {[%emt 00:01:03]} exd5 {[%clk
01:30:54]} {[%emt 00:00:41]} 4. Nf3 {[%clk 01:30:45]} {[%emt 00:00:11]} Bd6
{[%clk 01:30:22]} {[%emt 00:01:02]} 5. c3 {[%clk 01:28:56]} {[%emt 00:02:19]}
Ne7 {[%clk 01:30:43]} {[%emt 00:00:08]} 6. Bd3 {[%clk 01:29:13]} {[%emt
00:00:13]} Bf5 {[%clk 01:25:02]} {[%emt 00:06:11]} 7. O-O {[%clk 01:28:18]}
{[%emt 00:01:25]} Qd7 {[%clk 01:14:56]} {[%emt 00:10:36]} 8. b3 {[%clk
01:23:36]} {[%emt 00:05:12]} O-O {[%clk 01:09:59]} {[%emt 00:05:27]} 9. Ne5
{[%clk 01:19:44]} {[%emt 00:04:22]} Bxe5 {[%clk 01:08:58]} {[%emt 00:01:31]}
10. dxe5 {[%clk 01:20:07]} {[%emt 00:00:07]} Bxd3 {[%clk 01:09:02]} {[%emt
00:00:26]} 11. Qxd3 {[%clk 01:20:30]} {[%emt 00:00:07]} Qf5 {[%clk 01:08:28]}
{[%emt 00:01:04]} 12. Qg3 {[%clk 01:14:11]} {[%emt 00:06:49]} Qg6 {[%clk
01:06:07]} {[%emt 00:02:51]} 13. Qe3 {[%clk 01:09:46]} {[%emt 00:04:55]} c6
{[%clk 01:05:04]} {[%emt 00:01:33]} 14. f4 {[%clk 01:08:16]} {[%emt 00:02:00]}
Nf5 {[%clk 01:01:53]} {[%emt 00:03:41]} 15. Qf2 {[%clk 01:08:32]} {[%emt
00:00:14]} Rd8 {[%clk 01:00:19]} {[%emt 00:02:04]} 16. Be3 {[%clk 01:07:34]}
{[%emt 00:01:28]} b6 {[%clk 00:51:35]} {[%emt 00:09:14]} 17. Na3 {[%clk
01:06:37]} {[%emt 00:01:27]} Na6 {[%clk 00:43:08]} {[%emt 00:08:57]} 18. Rad1
{[%clk 01:06:42]} {[%emt 00:00:25]} Nc7 {[%clk 00:41:50]} {[%emt 00:01:48]} 19.
Nc2 {[%clk 01:06:31]} {[%emt 00:00:40]} Nb5 {[%clk 00:37:35]} {[%emt 00:04:45]}
20. Bd2 {[%clk 01:01:53]} {[%emt 00:05:08]} Rd7 {[%clk 00:20:03]} {[%emt
00:18:03]} 21. a4 {[%clk 00:58:38]} {[%emt 00:03:46]} Nc7 {[%clk 00:20:01]}
{[%emt 00:00:31]} 22. Ne3 {[%clk 00:55:35]} {[%emt 00:03:32]} Nxe3 {[%clk
00:15:38]} {[%emt 00:04:55]} 23. Bxe3 {[%clk 00:55:50]} {[%emt 00:00:15]} Qf5
{[%clk 00:15:46]} {[%emt 00:00:21]} 24. h3 {[%clk 00:54:44]} {[%emt 00:01:36]}
h5 {[%clk 00:16:06]} {[%emt 00:00:10]} 25. Qf3 {[%clk 00:48:51]} {[%emt
00:06:21]} g6 {[%clk 00:12:53]} {[%emt 00:03:44]} 26. Rf2 {[%clk 00:40:57]}
{[%emt 00:08:25]} Rad8 {[%clk 00:12:32]} {[%emt 00:00:52]} 27. g4 {[%clk
00:41:00]} {[%emt 00:00:26]} Qe4 {[%clk 00:10:45]} {[%emt 00:02:16]} 28. gxh5
{[%clk 00:41:15]} {[%emt 00:00:15]} Qxf3 {[%clk 00:10:54]} {[%emt 00:00:21]}
29. Rxf3 {[%clk 00:41:25]} {[%emt 00:00:20]} gxh5 {[%clk 00:11:16]} {[%emt
00:00:08]} 30. f5 {[%clk 00:41:31]} {[%emt 00:00:24]} Re8 {[%clk 00:09:35]}
{[%emt 00:02:10]} 31. Bf4 {[%clk 00:40:10]} {[%emt 00:01:52]} c5 {[%clk
00:09:26]} {[%emt 00:00:39]} 32. Rd2 {[%clk 00:39:57]} {[%emt 00:00:43]} d4
{[%clk 00:09:36]} {[%emt 00:00:50]} 33. Rg3 {[%clk 00:38:19]} {[%emt 00:02:38]}
Kh7 {[%clk 00:09:23]} {[%emt 00:00:43]} 34. Rdg2 {[%clk 00:37:37]} {[%emt
00:01:12]} dxc3 {[%clk 00:09:35]} {[%emt 00:00:48]} 35. Rg5 {[%clk 00:38:16]}
{[%emt 00:00:21]} Kh6 {[%clk 00:02:41]} {[%emt 00:07:23]} 36. Rg7# {[%clk
00:38:31]} {[%emt 00:00:15]} 1-0

[Event "DVM U12 2022"]
[Site "München GER"]
[Date "2022.12.29"]
[Round "6"]
[White "Burban, Victor"]
[Black "Arndt, Niklas"]
[Result "1-0"]
[Termination "normal"]
[Board "8.3"]
[WhiteElo "1357"]
[BlackElo "1171"]
[WhiteClock "00:57:47"]
[BlackClock "01:06:14"]
[WhiteTeam "SchachAkademiePaderborn"]
[BlackTeam "Heilbronner SV"]
[PlyCount "55"]
[WhiteFideId "34609032"]
[BlackFideId "34640380"]
[EventCountry "GER"]
[EventRounds "7"]
[EventType "team-swiss"]
[EventDate "2022.12.26"]

1. e4 {[%clk 01:30:59]} {[%emt 00:00:01]} e5 {[%clk 01:30:52]} {[%emt
00:00:08]} 2. Nf3 {[%clk 01:31:26]} {[%emt 00:00:03]} Nc6 {[%clk 01:31:07]}
{[%emt 00:00:15]} 3. Nc3 {[%clk 01:31:22]} {[%emt 00:00:34]} Bc5 {[%clk
01:31:17]} {[%emt 00:00:19]} 4. Nxe5 {[%clk 01:31:38]} {[%emt 00:00:13]} Bxf2
{[%clk 01:30:19]} {[%emt 00:01:29]} 5. Kxf2 {[%clk 01:31:52]} {[%emt 00:00:14]}
Nxe5 {[%clk 01:30:12]} {[%emt 00:00:37]} 6. d4 {[%clk 01:30:58]} {[%emt
00:01:25]} Nc6 {[%clk 01:29:43]} {[%emt 00:01:00]} 7. Be3 {[%clk 01:29:18]}
{[%emt 00:02:10]} d6 {[%clk 01:28:04]} {[%emt 00:02:09]} 8. Bc4 {[%clk
01:28:20]} {[%emt 00:01:27]} Nf6 {[%clk 01:27:14]} {[%emt 00:01:20]} 9. h3
{[%clk 01:27:35]} {[%emt 00:01:15]} O-O {[%clk 01:25:51]} {[%emt 00:01:53]} 10.
Rf1 {[%clk 01:26:58]} {[%emt 00:01:07]} Re8 {[%clk 01:24:20]} {[%emt 00:02:01]}
11. Bd3 {[%clk 01:25:44]} {[%emt 00:01:44]} a6 {[%clk 01:20:36]} {[%emt
00:04:14]} 12. Kg1 {[%clk 01:25:04]} {[%emt 00:01:09]} Bd7 {[%clk 01:19:46]}
{[%emt 00:01:19]} 13. d5 {[%clk 01:21:59]} {[%emt 00:03:36]} Ne5 {[%clk
01:19:28]} {[%emt 00:00:48]} 14. Bg5 {[%clk 01:18:41]} {[%emt 00:03:48]} Qc8
{[%clk 01:15:51]} {[%emt 00:04:07]} 15. Bxf6 {[%clk 01:16:49]} {[%emt
00:02:20]} Bxh3 {[%clk 01:13:08]} {[%emt 00:03:14]} 16. gxh3 {[%clk 01:16:27]}
{[%emt 00:00:52]} Qxh3 {[%clk 01:13:19]} {[%emt 00:00:20]} 17. Qe2 {[%clk
01:13:47]} {[%emt 00:03:11]} Ng4 {[%clk 01:11:03]} {[%emt 00:02:46]} 18. Bd4
{[%clk 01:11:36]} {[%emt 00:02:41]} c6 {[%clk 01:09:44]} {[%emt 00:01:48]} 19.
Qg2 {[%clk 01:09:25]} {[%emt 00:02:41]} Qh5 {[%clk 01:09:09]} {[%emt 00:01:05]}
20. Rf4 {[%clk 01:06:32]} {[%emt 00:03:24]} f5 {[%clk 01:07:38]} {[%emt
00:02:01]} 21. Rxf5 {[%clk 01:06:01]} {[%emt 00:00:59]} g5 {[%clk 01:06:43]}
{[%emt 00:01:25]} 22. Be2 {[%clk 01:04:00]} {[%emt 00:02:32]} Rf8 {[%clk
01:06:43]} {[%emt 00:00:30]} 23. Bxg4 {[%clk 01:02:59]} {[%emt 00:01:30]} Qh4
{[%clk 01:06:49]} {[%emt 00:00:23]} 24. Rxg5 {[%clk 01:01:43]} {[%emt
00:01:46]} Kf7 {[%clk 01:06:11]} {[%emt 00:01:10]} 25. Rf1 {[%clk 00:58:51]}
{[%emt 00:03:21]} Ke7 {[%clk 01:06:22]} {[%emt 00:00:19]} 26. Rg7 {[%clk
00:58:02]} {[%emt 00:01:19]} Ke8 {[%clk 01:06:29]} {[%emt 00:00:24]} 27. Bd7
{[%clk 00:57:46]} {[%emt 00:00:47]} Kd8 {[%clk 01:06:14]} {[%emt 00:00:44]} 28.
Bb6# {[%clk 00:57:47]} {[%emt 00:00:30]} 1-0

[Event "DVM U12 2022"]
[Site "München GER"]
[Date "2022.12.29"]
[Round "6"]
[White "Tselepidis, Konstantinos"]
[Black "Burban, Bogdan"]
[Result "0-1"]
[Termination "normal"]
[Board "8.4"]
[WhiteElo "1015"]
[BlackElo "1258"]
[WhiteClock "01:22:48"]
[BlackClock "00:53:34"]
[WhiteTeam "Heilbronner SV"]
[BlackTeam "SchachAkademiePaderborn"]
[PlyCount "82"]
[WhiteFideId "34630619"]
[BlackFideId "34609040"]
[EventCountry "GER"]
[EventRounds "7"]
[EventType "team-swiss"]
[EventDate "2022.12.26"]

1. e4 {[%clk 01:30:54]} {[%emt 00:00:05]} e6 {[%clk 01:30:56]} {[%emt
00:00:04]} 2. Nc3 {[%clk 01:30:42]} {[%emt 00:00:42]} d5 {[%clk 01:31:06]}
{[%emt 00:00:20]} 3. exd5 {[%clk 01:30:35]} {[%emt 00:00:37]} exd5 {[%clk
01:31:29]} {[%emt 00:00:07]} 4. d4 {[%clk 01:31:00]} {[%emt 00:00:06]} Nf6
{[%clk 01:31:47]} {[%emt 00:00:12]} 5. Nf3 {[%clk 01:31:18]} {[%emt 00:00:12]}
Nc6 {[%clk 01:31:50]} {[%emt 00:00:27]} 6. h3 {[%clk 01:31:15]} {[%emt
00:00:32]} Bb4 {[%clk 01:31:19]} {[%emt 00:01:01]} 7. Bd2 {[%clk 01:30:02]}
{[%emt 00:01:44]} O-O {[%clk 01:30:57]} {[%emt 00:00:51]} 8. Be2 {[%clk
01:29:44]} {[%emt 00:00:48]} Bf5 {[%clk 01:29:59]} {[%emt 00:01:28]} 9. O-O
{[%clk 01:30:01]} {[%emt 00:00:13]} Re8 {[%clk 01:29:21]} {[%emt 00:01:08]} 10.
a3 {[%clk 01:29:59]} {[%emt 00:00:33]} Ba5 {[%clk 01:29:02]} {[%emt 00:00:48]}
11. Nb5 {[%clk 01:28:31]} {[%emt 00:01:58]} Bb6 {[%clk 01:28:09]} {[%emt
00:01:22]} 12. Bg5 {[%clk 01:27:46]} {[%emt 00:01:16]} h6 {[%clk 01:24:57]}
{[%emt 00:03:42]} 13. Bh4 {[%clk 01:28:00]} {[%emt 00:00:16]} Be4 {[%clk
01:22:32]} {[%emt 00:02:56]} 14. Nc3 {[%clk 01:27:37]} {[%emt 00:00:52]} Bxf3
{[%clk 01:21:19]} {[%emt 00:01:43]} 15. Bxf3 {[%clk 01:27:51]} {[%emt
00:00:15]} Nxd4 {[%clk 01:19:38]} {[%emt 00:02:09]} 16. Qd3 {[%clk 01:27:10]}
{[%emt 00:01:13]} Nxf3 {[%clk 01:18:37]} {[%emt 00:01:32]} 17. Qxf3 {[%clk
01:27:29]} {[%emt 00:00:11]} c6 {[%clk 01:14:48]} {[%emt 00:04:20]} 18. Rad1
{[%clk 01:26:26]} {[%emt 00:01:33]} Qd6 {[%clk 01:13:16]} {[%emt 00:02:01]} 19.
Bg3 {[%clk 01:26:09]} {[%emt 00:00:47]} Qd7 {[%clk 01:11:12]} {[%emt 00:02:34]}
20. Bh4 {[%clk 01:25:16]} {[%emt 00:01:24]} Ne4 {[%clk 01:09:52]} {[%emt
00:01:49]} 21. Nxe4 {[%clk 01:25:07]} {[%emt 00:00:39]} dxe4 {[%clk 01:08:45]}
{[%emt 00:01:38]} 22. Rxd7 {[%clk 01:24:53]} {[%emt 00:00:43]} exf3 {[%clk
01:09:03]} {[%emt 00:00:12]} 23. Rxb7 {[%clk 01:25:12]} {[%emt 00:00:11]} Re2
{[%clk 01:07:57]} {[%emt 00:01:36]} 24. Rc1 {[%clk 01:25:13]} {[%emt 00:00:30]}
Rae8 {[%clk 01:02:16]} {[%emt 00:06:11]} 25. Rd7 {[%clk 01:24:15]} {[%emt
00:01:27]} Re1 {[%clk 01:01:25]} {[%emt 00:01:22]} 26. Rxe1 {[%clk 01:24:10]}
{[%emt 00:00:35]} Rxe1 {[%clk 01:01:47]} {[%emt 00:00:07]} 27. Kh2 {[%clk
01:24:38]} {[%emt 00:00:03]} Re2 {[%clk 01:01:11]} {[%emt 00:01:06]} 28. gxf3
{[%clk 01:23:57]} {[%emt 00:01:11]} Rxc2 {[%clk 01:01:05]} {[%emt 00:00:36]}
29. Rd6 {[%clk 01:23:52]} {[%emt 00:00:35]} Rxb2 {[%clk 00:58:49]} {[%emt
00:02:46]} 30. Rxc6 {[%clk 01:24:08]} {[%emt 00:00:14]} Bxf2 {[%clk 00:58:41]}
{[%emt 00:00:38]} 31. Bxf2 {[%clk 01:24:16]} {[%emt 00:00:22]} Rxf2 {[%clk
00:59:05]} {[%emt 00:00:06]} 32. Kg3 {[%clk 01:24:44]} {[%emt 00:00:03]} Re2
{[%clk 00:57:10]} {[%emt 00:02:24]} 33. Rc8 {[%clk 01:24:39]} {[%emt 00:00:36]}
Kh7 {[%clk 00:57:20]} {[%emt 00:00:20]} 34. Rc7 {[%clk 01:24:58]} {[%emt
00:00:11]} a5 {[%clk 00:56:15]} {[%emt 00:01:34]} 35. Rxf7 {[%clk 01:25:09]}
{[%emt 00:00:19]} Ra2 {[%clk 00:56:05]} {[%emt 00:00:40]} 36. Ra7 {[%clk
01:25:25]} {[%emt 00:00:14]} Rxa3 {[%clk 00:56:13]} {[%emt 00:00:22]} 37. Kg4
{[%clk 01:25:23]} {[%emt 00:00:32]} a4 {[%clk 00:55:17]} {[%emt 00:01:25]} 38.
f4 {[%clk 01:25:22]} {[%emt 00:00:32]} Ra1 {[%clk 00:54:34]} {[%emt 00:01:11]}
39. h4 {[%clk 01:23:19]} {[%emt 00:02:34]} a3 {[%clk 00:53:43]} {[%emt
00:01:21]} 40. Kf3 {[%clk 01:23:29]} {[%emt 00:00:20]} a2 {[%clk 00:53:28]}
{[%emt 00:00:45]} 41. Kg4 {[%clk 01:22:48]} {[%emt 00:01:12]} Rg1 {[%clk
00:53:34]} {[%emt 00:00:24]} 0-1

[Event "DVM U12 2022"]
[Site "München GER"]
[Date "2022.12.29"]
[Round "6"]
[White "Park, Manuel"]
[Black "Halich, Jan Finnian"]
[Result "1-0"]
[Termination "normal"]
[Board "9.1"]
[WhiteElo "1491"]
[BlackElo "1182"]
[WhiteClock "01:33:51"]
[BlackClock "01:18:49"]
[WhiteTeam "SC Kirchheim/Teck"]
[BlackTeam "SV Werder Bremen"]
[PlyCount "39"]
[WhiteFideId "34629114"]
[BlackFideId "34623710"]
[EventCountry "GER"]
[EventRounds "7"]
[EventType "team-swiss"]
[EventDate "2022.12.26"]

1. e4 {[%clk 01:30:58]} {[%emt 00:00:02]} e6 {[%clk 01:30:48]} {[%emt
00:00:12]} 2. d4 {[%clk 01:30:46]} {[%emt 00:00:42]} d5 {[%clk 01:31:12]}
{[%emt 00:00:06]} 3. exd5 {[%clk 01:31:03]} {[%emt 00:00:13]} exd5 {[%clk
01:31:37]} {[%emt 00:00:06]} 4. Bd3 {[%clk 01:31:18]} {[%emt 00:00:15]} c5
{[%clk 01:31:53]} {[%emt 00:00:13]} 5. dxc5 {[%clk 01:31:24]} {[%emt 00:00:24]}
Bxc5 {[%clk 01:32:15]} {[%emt 00:00:08]} 6. Nf3 {[%clk 01:31:43]} {[%emt
00:00:11]} h6 {[%clk 01:32:21]} {[%emt 00:00:25]} 7. h3 {[%clk 01:32:09]}
{[%emt 00:00:04]} Nf6 {[%clk 01:32:44]} {[%emt 00:00:06]} 8. O-O {[%clk
01:32:31]} {[%emt 00:00:08]} O-O {[%clk 01:33:10]} {[%emt 00:00:04]} 9. Bf4
{[%clk 01:32:55]} {[%emt 00:00:05]} Nc6 {[%clk 01:32:09]} {[%emt 00:01:31]} 10.
c3 {[%clk 01:32:59]} {[%emt 00:00:26]} Be6 {[%clk 01:29:30]} {[%emt 00:03:10]}
11. Nbd2 {[%clk 01:32:37]} {[%emt 00:00:52]} Re8 {[%clk 01:26:11]} {[%emt
00:03:49]} 12. Bc2 {[%clk 01:32:38]} {[%emt 00:00:29]} Qd7 {[%clk 01:25:22]}
{[%emt 00:01:19]} 13. Nb3 {[%clk 01:32:45]} {[%emt 00:00:22]} Bb6 {[%clk
01:25:43]} {[%emt 00:00:09]} 14. Qd3 {[%clk 01:33:10]} {[%emt 00:00:05]} Rad8
{[%clk 01:23:09]} {[%emt 00:03:04]} 15. Ne5 {[%clk 01:32:51]} {[%emt 00:00:50]}
Qc8 {[%clk 01:22:47]} {[%emt 00:00:52]} 16. Nxc6 {[%clk 01:33:02]} {[%emt
00:00:18]} bxc6 {[%clk 01:23:07]} {[%emt 00:00:11]} 17. Be5 {[%clk 01:33:18]}
{[%emt 00:00:14]} Nd7 {[%clk 01:20:45]} {[%emt 00:02:52]} 18. Qh7 {[%clk
01:33:26]} {[%emt 00:00:21]} Kf8 {[%clk 01:21:04]} {[%emt 00:00:11]} 19. Bd6
{[%clk 01:33:51]} {[%emt 00:00:05]} Re7 {[%clk 01:18:49]} {[%emt 00:02:46]} 20.
Qh8# {[%emt 00:00:10]} 1-0